| 000 | 00400nam a2200145Ia 4500 | ||
|---|---|---|---|
| 008 | 230917s9999||||xx |||||||||||||| ||und|| | ||
| 040 |
_e183761 _aMAIN |
||
| 041 | _aEnglish | ||
| 082 | _a330.90511 R137F | ||
| 100 | _aRajan, Raghuram G | ||
| 245 | 0 | _aFault lines: How hidden fractures still threaten the world economy | |
| 260 |
_aNoida _bHarper Collins _c2010 |
||
| 300 | _ax,274 p. | ||
| 942 | _cBK | ||
| 999 |
_c151659 _d151659 |
||